Normal view MARC view

Entry Meeting Name

Number of records used in: 1

001 - CONTROL NUMBER

  • control field: 22821

003 - CONTROL NUMBER IDENTIFIER

  • control field: OSt

005 - DATE AND TIME OF LATEST TRANSACTION

  • control field: 20211105134706.0

008 - FIXED-LENGTH DATA ELEMENTS

  • fixed length control field: 211105|| aca||aabn | a|a d

040 ## - CATALOGING SOURCE

  • Original cataloging agency: OSt
  • Transcribing agency: OSt

111 ## - HEADING--MEETING NAME

  • Meeting name or jurisdiction name as entry element: Topical Meeting on Adaptive Optics
  • Location of meeting: Germany
  • Date of meeting or treaty signing: 1995 Oct. 2-6

670 ## - SOURCE DATA FOUND

  • Source citation: Work cat.: (OSt): Topical Meeting on Adaptive Optics Germany 1995 Oct. 2-6, Adaptive optics, 1996

Powered by Koha